| 000 | 01299nam a22002177a 4500 | ||
|---|---|---|---|
| 999 |
_c60387 _d60387 |
||
| 003 | Ge_BSU | ||
| 005 | 20230707173506.0 | ||
| 008 | 230707s2007ge xxu||||| |||| 00| 0 geo d | ||
| 020 | _a9789994091195 | ||
| 041 | _ageo | ||
| 080 | _a128+159.923 ბ-51 | ||
| 100 |
_aბერდიაევი, ნიკოლოზ, 1874-1948. _919207 |
||
| 245 |
_aადამიანის ბედი თანამედროვე სამყაროში : _bჩვენი ეპოქის გაგებისათვის / _cნიკოლოზ ბერდიაევი ; თარგმნა ბაჩანა ბრეგვაძემ. |
||
| 264 |
_aთბილისი : _bნეკერი, _c2007. |
||
| 300 |
_a239 გვ. ; _b20 სმ. |
||
| 653 | _aადამიანის ფილოსოფიური პრობლემები. პიროვნება. ჰუმანიზმი. | ||
| 653 | _aმე და ობიექტური სამყარო. | ||
| 700 |
_aბრეგვაძე, ბაჩანა _eმთარგმნელი _93536 |
||
| 856 |
_uhttps://dspace.nplg.gov.ge/bitstream/1234/425845/1/Adamianis_Bedi_Tanamedrove_Samyaroshi_2007.pdf _yელექტრონული ვერსია |
||
| 942 |
_2udc _cBK |
||